00837nam a2200205Ia 4500001000900000003000500009008004100014010001100055040000900066100003500075245021700110260003400327300001000361502010600371650002300477650002600500650002700526650002800553710005000581Para_449CHAP220125s2000 xx 000 0 und d a199204 cCHAP aPérez Martínez, Juan Pablo aControl de la cenicilla (Leveillula taurica) tizón temprano (Alternaria solani) y mancha gris (Stemphylium solani) del tomate con fungicidas derivados de las estrobilurinas /c por Juan Pablo Pérez Martínez aChapingo, Méx. :b el autor a62 h. aTesis (Ing. Agr. Esp. en Parasitología Agrícola) -- UACh. Departamento Parasitología Agrícola aAlternaria solani  aCenicilla del tomate  aHongos fitopatógenos aTomate x enfermedades  aUACh. Departamento Parasitología Agrícola